000 01043nam a2200301 a 4500
003 OSt
005 20131018133838.0
008 131018s2005 ag ||||| |||| 00| 0 spa d
040 _cBiblioteca Medicina
041 _aspa
082 _bCONGRESOS 044
100 1 _aSpinelli, Hugo
_92745
245 0 0 _aSeminario VI: Muertes violentas en la Ciudad Autonoma de Buenos Aires. Una mirada desde el Sector Salud
250 _a1ยบ ed.
260 _aBuenos Aires
_bCentro de Estudios de Estado y Sociedad
_c2005
300 _a46 p.
440 0 _aSeminarios Salud y Politica Publica
_92706
653 _aMUERTES VIOLENTAS-BUENOS AIRES
653 _aMORTALIDAD-BUENOS AIRES
653 _aMORTALIDAD-EPIDEMIOLOGIA-BUENOS AIRES
700 1 _aAlazraqui, Marcio
_92746
700 1 _aMacias, Guillermo
_92747
700 1 _aZunino, Gabriela
_92748
700 1 _aNadalich, Juan Carlos
_92749
856 _awww.cedes.org
942 _2ddc
_cPH
999 _c1823
_d1823
952 _40
_00
_bBFM
_10
_oCONGRESOS 044
_d2013-10-18
_tEj. 1
_8NFIC
_70
_cCR
_2ddc
_yPH
_aBFM